LEADER 03032 am 2200505 n 450 001 9910313025603321 005 20180216 010 $a2-35596-026-7 024 7 $a10.4000/books.irasec.1169 035 $a(CKB)4960000000012692 035 $a(FrMaCLE)OB-irasec-1169 035 $a(oapen)https://directory.doabooks.org/handle/20.500.12854/52172 035 $a(PPN)230000061 035 $a(EXLCZ)994960000000012692 100 $a20180703j|||||||| ||| 0 101 0 $afre 135 $auu||||||m|||| 181 $ctxt$2rdacontent 182 $cc$2rdamedia 183 $acr$2rdacarrier 200 12$aL?Asie du Sud-Est dans le « siècle chinois » $eCambodge, Laos et Viêt Nam /$fDanielle Tan, Caroline Grillot 210 $aBangkok $cInstitut de recherche sur l?Asie du Sud-Est contemporaine$d2018 215 $a1 online resource (168 p.) 311 $a616-7571-18-X 330 $aEntre fascination et peur, enthousiasme et hostilité, la nouvelle migration chinoise questionne. Les travaux sur « la Chine en Afrique » ont occulté l'importance de l'émergence de la Chine pour ses voisins les plus proches. Cette omission est particulièrement flagrante dans le cas de l'Asie du Sud-Est qui a toujours été le principal théâtre des engagements commerciaux de la Chine avec le monde. Considérée comme l'arrière-cour naturelle de la Chine, l'Asie du Sud-Est est un laboratoire complexe et hétérogène des circulations et des identités en construction à l'aube du « siècle chinois ». La question des relations entre la Chine et le reste du monde est tantôt pensée en termes de domination, de menace, d'exploitation, et de soutien aux régimes autoritaires, tantôt en termes d'aubaine et d'opportunités de développement. Cette recherche propose de dépasser cette approche binaire en décrivant les stratégies mises en ?uvre par les acteurs locaux pour atténuer l'inégalité des rapports de force, négocier l'asymétrie, contourner l'hégémonie, embrasser, résister ou manipuler les termes dictés par les capitaux chinois. Le présent Carnet, centré sur les pays de l'ancienne Indochine française - le Cambodge, le Viêt Nam et le Laos - constitue la première étape d'un projet éditorial plus large qui se donne pour ambition de relever ce défi. 517 $aL?Asie du Sud-Est dans le « siècle chinois » 606 $aChinese$zSoutheast Asia 606 $aChinese$zSoutheast Asia$xEconomic conditions 606 $aInvestments, Chinese$zSoutheast Asia 610 $atransnational 610 $aVietnam 610 $aidentities 610 $acolonization 610 $anetworks 615 0$aChinese 615 0$aChinese$xEconomic conditions. 615 0$aInvestments, Chinese 700 $aTan$b Danielle$01248091 701 $aGrillot$b Caroline$01307189 712 02$aIRASEC, 801 0$bFR-FrMaCLE 906 $aBOOK 912 $a9910313025603321 996 $aL?Asie du Sud-Est dans le « siècle chinois »$93035145 997 $aUNINA LEADER 04409oam 22011774 450 001 9910788336903321 005 20230721045618.0 010 $a1-4623-9210-5 010 $a1-4518-7229-1 010 $a9786612843020 010 $a1-4519-9836-8 010 $a1-282-84302-8 035 $a(CKB)3170000000055247 035 $a(SSID)ssj0000940115 035 $a(PQKBManifestationID)11967009 035 $a(PQKBTitleCode)TC0000940115 035 $a(PQKBWorkID)10948127 035 $a(PQKB)11088763 035 $a(OCoLC)503157487 035 $a(MiAaPQ)EBC1605903 035 $a(IMF)WPIEE2009082 035 $a(IMF)WPIEA2009082 035 $a(EXLCZ)993170000000055247 100 $a20020129d2009 uf 0 101 0 $aeng 135 $aurcn||||||||| 181 $ctxt 182 $cc 183 $acr 200 10$aDeterminants of Inflation in GCC /$fMagda Kandil, Hanan Morsy 210 1$aWashington, D.C. :$cInternational Monetary Fund,$d2009. 215 $a32 p. $cill 225 1 $aIMF Working Papers 300 $aBibliographic Level Mode of Issuance: Monograph 311 $a1-4519-1664-7 320 $aIncludes bibliographical references. 330 3 $aInflationary pressures have heightened in the oil-rich Gulf Cooperation Council (GCC) since 2003. This paper studies determinants of inflation in GCC, using an empirical model that includes domestic and external factors. Inflation in major trading partners appears to be the most relevant foreign factor. In addition, oil revenues have reinforced inflationary pressures through growth of credit and aggregate spending. In the short-run, binding capacity constraints also explain higher inflation given increased government spending. Nonetheless, by targeting supply-side bottlenecks, the increase in government spending is easing capacity constraints and will ultimately help to moderate price inflation. 410 0$aIMF Working Papers; Working Paper ;$vNo. 2009/082 606 $aInflation (Finance) 606 $aForeign Exchange$2imf 606 $aInflation$2imf 606 $aPublic Finance$2imf 606 $aProduction and Operations Management$2imf 606 $aBusiness Fluctuations$2imf 606 $aCycles$2imf 606 $aOpen Economy Macroeconomics$2imf 606 $aInternational Policy Coordination and Transmission$2imf 606 $aEconomic Integration$2imf 606 $aEconomic Development: General$2imf 606 $aPrice Level$2imf 606 $aDeflation$2imf 606 $aNational Government Expenditures and Related Policies: General$2imf 606 $aMacroeconomics: Production$2imf 606 $aMacroeconomics$2imf 606 $aCurrency$2imf 606 $aForeign exchange$2imf 606 $aPublic finance & taxation$2imf 606 $aExpenditure$2imf 606 $aExchange rate adjustments$2imf 606 $aExchange rates$2imf 606 $aCapacity utilization$2imf 606 $aPrices$2imf 606 $aProduction$2imf 606 $aExpenditures, Public$2imf 606 $aIndustrial capacity$2imf 607 $aUnited Arab Emirates$2imf 615 0$aInflation (Finance) 615 7$aForeign Exchange 615 7$aInflation 615 7$aPublic Finance 615 7$aProduction and Operations Management 615 7$aBusiness Fluctuations 615 7$aCycles 615 7$aOpen Economy Macroeconomics 615 7$aInternational Policy Coordination and Transmission 615 7$aEconomic Integration 615 7$aEconomic Development: General 615 7$aPrice Level 615 7$aDeflation 615 7$aNational Government Expenditures and Related Policies: General 615 7$aMacroeconomics: Production 615 7$aMacroeconomics 615 7$aCurrency 615 7$aForeign exchange 615 7$aPublic finance & taxation 615 7$aExpenditure 615 7$aExchange rate adjustments 615 7$aExchange rates 615 7$aCapacity utilization 615 7$aPrices 615 7$aProduction 615 7$aExpenditures, Public 615 7$aIndustrial capacity 700 $aKandil$b Magda$01472706 701 $aMorsy$b Hanan$01472707 712 02$aInternational Monetary Fund. 801 0$bDcWaIMF 906 $aBOOK 912 $a9910788336903321 996 $aDeterminants of Inflation in GCC$93685574 997 $aUNINA